00386nam a2200145 a 4500008004100000020001500041050001700056100002000073245006200093260002800155300001700183350000900200700001800209700001300227120416s0000 ||||||||||||||||| || u a1853129119 aTA 654.2 Str aRajendran, A. M10aStructures under shock and impact VIIcedited by N. Jones aBostonbWIT Pressc2002 a593p. : ill. a0.00 aBrebbia, C. A aJones, N